| Tag |
First Indicator |
Second Indicator |
Subfields |
| LEADER |
00000cam a2200000Ii 4500 |
| 001 |
in00004272321 |
| 005 |
20210125090158.0 |
| 006 |
m o d |
| 007 |
cr |n||||||||| |
| 008 |
200912s2020 mdu ob 001 0deng d |
| 020 |
|
|
|a 9781421439716
|q (electronic bk.)
|
| 020 |
|
|
|a 1421439719
|q (electronic bk.)
|
| 020 |
|
|
|z 9781421439709
|
| 020 |
|
|
|z 1421439700
|
| 024 |
8 |
|
|a 40030103783
|
| 035 |
|
|
|a (NhCcYBP)ybp16940410
|
| 040 |
|
|
|a NhCcYBP
|c NhCcYBP
|d UtOrBLW
|
| 050 |
|
4 |
|a QE705.A1
|b B47 2020
|
| 082 |
0 |
4 |
|a 560.92/52
|a B
|2 23
|
| 100 |
1 |
|
|a Berta, Annalisa,
|e author.
|0 http://id.loc.gov/authorities/names/n88122370
|
| 245 |
1 |
0 |
|a Rebels, scholars, explorers :
|b women in vertebrate paleontology /
|c Annalisa Berta and Susan Turner.
|
| 264 |
|
1 |
|a Baltimore :
|b Johns Hopkins University Press,
|c [2020]
|
| 300 |
|
|
|a 1 online resource.
|
| 336 |
|
|
|a text
|b txt
|2 rdacontent
|
| 337 |
|
|
|a computer
|b c
|2 rdamedia
|
| 338 |
|
|
|a online resource
|b cr
|2 rdacarrier
|
| 588 |
|
|
|a Description based on print version record.
|
| 504 |
|
|
|a Includes bibliographical references and index.
|
| 505 |
0 |
|
|a Chapter 1. Introduction. History of vertebrate paleontology as a science -- Chapter 2. Early Women in Vertebrate Paleontology, 18th to Mid-19th Centuries. Early discoveries and recognition of fossil vertebrates -- Chapter 3. Women in Vertebrate Paleontology, Late 19th to Early 20th Centuries. Taking their place in the professional world -- Chapter 4. Women in Vertebrate Paleontology, mid 20th century (1940-1975). Gaining ground and the beginnings of SVP -- Chapter 5. Women in Vertebrate Paleontology, late 20th to early 21st centuries (1976 to the Present). Coming of age -- Chapter 6. Artists, Preparators, Technicians, Collections Managers, and Outreach Educators -- Chapter 7. Challenges and Opportunities. Women in STEM, Geosciences, and Paleontology.
|
| 500 |
|
|
|a Electronic resource.
|
| 650 |
|
0 |
|a Women paleontologists
|x History.
|
| 650 |
|
0 |
|a Women in science
|x History.
|
| 650 |
|
0 |
|a Paleontology
|x History.
|0 http://id.loc.gov/authorities/subjects/sh2010104928
|
| 650 |
|
0 |
|a Vertebrates, Fossil
|x Research
|x History.
|
| 655 |
|
7 |
|a Electronic books.
|2 local
|
| 700 |
1 |
|
|a Turner, S.
|q (Susan),
|d 1946-
|e author.
|0 http://id.loc.gov/authorities/names/nb2007024497
|
| 710 |
2 |
|
|a Project Muse.
|0 http://id.loc.gov/authorities/names/n96089174
|
| 776 |
1 |
8 |
|i Print version:
|a Berta, Annalisa.
|t Rebels, scholars, explorers.
|d Baltimore : Johns Hopkins University Press, [2020]
|z 9781421439709
|w (DLC) 2020009420
|
| 856 |
4 |
0 |
|u http://proxy.library.tamu.edu/login?url=https://muse.jhu.edu/book/77835
|z Connect to the full text of this electronic book
|t 0
|
| 945 |
|
|
|b 613514
|
| 955 |
|
|
|a YBP purchased approval e-records
|
| 980 |
|
|
|b 99.90
|g 1
|
| 999 |
f |
f |
|s bc9980ce-ba3f-3f75-a916-ec95f7718ae8
|i 26af0dae-5b93-3b57-b7a5-df05e129fdcf
|t 0
|
| 952 |
f |
f |
|a Texas A&M University
|b College Station
|c Electronic Resources
|d Available Online
|t 0
|e QE705.A1 B47 2020
|h Library of Congress classification
|
| 998 |
f |
f |
|a QE705.A1 B47 2020
|t 0
|l Available Online
|